Интерактивные компьютерные тренажеры по интегральному исчислению и дифференциальным уравнениям; Известия Томского политехнического университета [Известия ТПУ]; Т. 309, № 2

Bibliografiske detaljer
Parent link:Известия Томского политехнического университета [Известия ТПУ]/ Томский политехнический университет (ТПУ).— , 2000-
Т. 309, № 2.— 2006.— [С. 255-260]
Hovedforfatter: Клыков В. В.
Andre forfattere: Ельцов А. А., Шаталов К. Г.
Summary:Заглавие с титульного листа
Электронная версия печатной публикации
Рассматриваются интерактивные компьютерные тренажеры по интегральному исчислению и дифференциальным уравнениям. Показана математическая модель, структура и особенности представления, ввода и анализа математических данных.
Sprog:russisk
Udgivet: 2006
Serier:Технологии инженерного образования
Fag:
Online adgang:http://www.lib.tpu.ru/fulltext/v/Bulletin_TPU/2006/v309/i2/57.pdf
Format: MixedMaterials Electronisk Book Chapter
KOHA link:https://koha.lib.tpu.ru/cgi-bin/koha/opac-detail.pl?biblionumber=171263

MARC

LEADER 00000nla2a2200000 4500
001 171263
005 20231031163938.0
035 |a (RuTPU)RU\TPU\book\185721 
035 |a RU\TPU\book\185659 
090 |a 171263 
100 |a 20091202d2006 k y0rusy50 ca 
101 0 |a rus 
102 |a RU 
135 |a drnn ---uucaa 
181 0 |a i  
182 0 |a b 
200 1 |a Интерактивные компьютерные тренажеры по интегральному исчислению и дифференциальным уравнениям  |b Электронный ресурс  |f В. В. Клыков, А. А. Ельцов, К. Г. Шаталов 
203 |a Текст  |c электронный 
215 |a 1 файл (398 Кб) 
225 1 |a Технологии инженерного образования 
230 |a Электронные текстовые данные (1 файл : 398 Кб) 
300 |a Заглавие с титульного листа 
300 |a Электронная версия печатной публикации 
320 |a [Библиогр.: с. 260 (9 назв.)] 
330 |a Рассматриваются интерактивные компьютерные тренажеры по интегральному исчислению и дифференциальным уравнениям. Показана математическая модель, структура и особенности представления, ввода и анализа математических данных. 
337 |a Adobe Reader 
461 1 |0 (RuTPU)RU\TPU\book\176237  |t Известия Томского политехнического университета [Известия ТПУ]  |f Томский политехнический университет (ТПУ)  |d 2000- 
463 1 |0 (RuTPU)RU\TPU\book\185599  |t Т. 309, № 2  |v [С. 255-260]  |d 2006  |p 288 с. 
610 1 |a компьютерные тренажеры 
610 1 |a интерактивные тренажеры 
610 1 |a интегральное исчисление 
610 1 |a дифференциальные уравнения 
610 1 |a математические модели 
610 1 |a структуры 
610 1 |a данные 
610 1 |a электронный ресурс 
610 1 |a анализ 
610 1 |a информация 
700 1 |a Клыков  |b В. В. 
701 1 |a Ельцов  |b А. А. 
701 1 |a Шаталов  |b К. Г. 
801 1 |a RU  |b 63413507  |c 20090623  |g PSBO 
801 2 |a RU  |b 63413507  |c 20211021  |g PSBO 
856 4 |u http://www.lib.tpu.ru/fulltext/v/Bulletin_TPU/2006/v309/i2/57.pdf 
942 |c CF